Teacher and Child : A book for parents and teachers
The book shows parents and teachers how to communicate with children by unlearning the language of rejection, and learning a new language of acceptance.
Gorde:
| Egile nagusia: | |
|---|---|
| Formatua: | Liburua |
| Hizkuntza: | Vietnamese |
| Argitaratua: |
New York
Macmillan
1972
|
| Gaiak: | |
| Etiketak: |
Etiketa erantsi
Etiketarik gabe, Izan zaitez lehena erregistro honi etiketa jartzen!
|
| Thư viện lưu trữ: | Thư viện Trường Đại học Nam Cần Thơ |
|---|
| LEADER | 00803nam a22001817a 4500 | ||
|---|---|---|---|
| 001 | NCT_4_025574 | ||
| 008 | 250807b xxu||||| |||| 00| 0 vie d | ||
| 999 | |c 9263 |d 9263 | ||
| 082 | 0 | 4 | |2 23rd ed. |a 371.1 |b G493 |
| 100 | 1 | |a Ginott, Haim G. | |
| 245 | 1 | 0 | |a Teacher and Child : |b A book for parents and teachers |c Haim G. Ginott |
| 260 | |a New York |b Macmillan |c 1972 | ||
| 300 | |a 323 p. |b ill. |c 21 cm | ||
| 520 | 3 | |a The book shows parents and teachers how to communicate with children by unlearning the language of rejection, and learning a new language of acceptance. | |
| 653 | |a Tham khảo | ||
| 942 | |2 ddc |c BK | ||
| 952 | |0 0 |1 0 |2 ddc |4 0 |6 371_100000000000000_G493 |7 0 |9 31304 |a 000001 |b 000001 |d 2025-08-07 |o 371.1 G493 |p TK.00433 |r 2025-08-07 |w 2025-08-07 |y BK | ||
| 980 | |a Thư viện Trường Đại học Nam Cần Thơ | ||